00470 a2200145 4500001000700000003000400007005001700011008004100028082001600069245009000085260002900175300001000204653008200214700002800296067591OSt20211216155944.0  a515.8bG34C1 aA course in calculus and real analysiscby Sudhir Ghorpade and Balmohan Vishnu Limaye aNew YorkbSpringerc2009 a432p. aCalculus; Mathematics; Sequences (Mathematics); Global analysis (Mathematics) aLimaye, Balmohan Vishnu